Italian Language Food - Verbs - Statistics

General Stats
  • This quiz has been taken 96 times
  • The average score is 12 of 23
Answer Stats
Hint Answer % Correct
to drink bere
92%
to boil bollire
85%
to eat mangiare
85%
to cook cucinare
77%
to roast arrostire
69%
to fry friggere
69%
to mix/stir mescolare
69%
to freeze congelare
62%
to grate grattugiare
62%
to saute soffriggere
54%
to bake cuocere
46%
to simmer sobbollire
46%
to cut tagliare
46%
to pour versare
46%
to slice affettare
38%
to peel/pare sbucciare
38%
to melt sciogliere
38%
to drain scolare
38%
to dice tagliare a dadini
38%
to chop tritare
38%
to blend/whisk frullare
31%
to knead impastare
31%
to roll out stendere
23%
No matching quizzes found
Score Distribution
Percent of People with Each Score
Percentile by Number Answered
Your Score History
You have not taken this quiz